[Event "26 Week End"]
[Site "?"]
[Date "2025.11.30"]
[Round "4"]
[White "Borgiani, Flavio"]
[Black "Mereu, Stefano"]
[Result "1-0"]
[WhiteElo "2028"]
[BlackElo "1399"]
[PlyCount "107"]
[EventDate "2025.??.??"]
[SourceVersionDate "2025.12.03"]

1. Nc3 d5 2. d4 c5 3. e4 dxe4 4. dxc5 Qxd1+ 5. Kxd1 Nf6 6. Rb1 Nc6 7. Be3 e5 8. Bc4 Bg4+ 9. Kc1 Rd8 10. h3 Bh5 11. g4 Bg6 12. Nge2 Be7 13. b4 O-O 14. a3 Nd4 15. Kb2 b6 16. g5 Nh5 17. cxb6 axb6 18. h4 Nf4 19. Bxf4 exf4 20. Nxf4 Nf3 21. Nxg6 hxg6 22. Nxe4 Rd4 23. Bd3 Rfd8 24. Rh3 Ne5 25. Re3 Nxd3+ 26. cxd3 Rxd3 27. Rxd3 Rxd3 28. Rc1 f5 29. Nc3 Rd4 30. Re1 Kf7 31. f4 Bxb4 32. axb4 Rxb4+ 33. Kc2 Rxf4 34. Re7+ Kf8 35. Re6 Rxh4 36. Rxg6 Kf7 37. Rxb6 Rg4 38. Nd5 Rxg5 39. Kd3 Rg4 40. Rb7+ Ke6 41. Ne3 Rg3 42. Rb6+ Ke5 43. Rb5+ Ke6 44. Kd4 f4 45. Rb6+ Kf7 46. Nf5 Rg1 47. Ke4 g5 48. Nd4 Rc1 49. Ne6 Re1+ 50. Kf5 f3 51. Rb7+ Ke8 52. Kf6 Rxe6+ 53. Kxe6 g4 54. Rb8# 1-0